| 000 | 00745pam a2200253 a 4500 | ||
|---|---|---|---|
| 008 | |||
| 020 | _a0030615348 (pbk.) | ||
| 090 | _aQP251 | ||
| 100 | 1 | _aGrabowski, Casimer T. | |
| 245 | 1 | 0 |
_aHuman reproduction and development / _cCasimer T. Grabowski. |
| 260 |
_aPhiladelphia : _bSaunders College Pub., _cc1983. |
||
| 300 |
_axiii, 262 p. : _bill. ; _c24 cm. |
||
| 504 | _aIncludes bibliographical references: p. 251-253. | ||
| 500 | _aIncludes index. | ||
| 650 | 0 | _aHuman reproduction. | |
| 650 | 2 | _aReproduction. | |
| 650 | 2 | _aEmbryo. | |
| 907 |
_a.b10055447 _b21-06-05 _c17-04-03 |
||
| 003 | |||
| 005 | 20230123133231.0 | ||
| 040 | _cNUST | ||
| 049 | _aMAIN | ||
| 942 |
_cBOOKS _kQP251 |
||
| 999 |
_c145063 _d145063 |
||